College Quizbowl Stats
College Quizbowl Stats
Circuits
Seasons
Sets
Records
Detailed Stats
About
Loading...
2023 Penn Bowl (Norcal)
Tossups
Bonuses
Players
Teams
Categories (Tossup)
Categories (Bonus)
Nathaniel
UC Berkeley A
Categories
Category
Powers
Gets
Negs
BBs
Points
Earliest Buzz
Avg. Buzz
First Buzzes
Top 3 Buzzes
Philosophy
1
1
0
0
25
44
88.00
1
2
History - European History
0
2
0
0
20
97
118.00
1
2
History - Other History
1
0
0
0
15
70
70.00
1
1
Fine Arts - Visual Fine Arts
0
1
0
1
10
136
136.00
0
1
Fine Arts - Other Fine Arts
0
0
0
0
0
0.00
0
0
Buzzes
Category
Answer
Value
Buzz Position
Philosophy
contract
15
44
History - Other History
Israel
15
70
History - European History
Richard II
10
97
Fine Arts - Other Fine Arts
Prairie Style
0
129
Philosophy
“Modern Moral Philosophy”
10
132
Fine Arts - Visual Fine Arts
Isenheim Altarpiece
10
136
History - European History
Dublin
10
139
Previous
1
Next